01219nam a2200313 u 450000100070000000500170000700800410002403500110006504000130007604100080008908200080009710000500010524501590015526000430031430000130035765000360037065000340040665000530044065000460049365000290053965000340056870000500060270000530065294200100070599900190071550200100073452600070074495201540075191019520260506154534.0050221s2005 ||||||m| spa  a910195 ccomduadb aspa 4a36810aOcampo Norena, Angela Maria4auteaut940289410aFactores que determinan la eleccion y movilizacion de usuarios entre las entidades promotoras de Salud : un analisis para regimen contributivo en Medellin aMedellín :b[sin publicador],c2005. a43 hojas aAnálisis estadístico929295 aRégimen contributivo966734 aSalud - Medellín (Antioquia, Colombia)9157474 aEPS (Empresas Promotoras de Salud)967892 aUsuarios de salud995490 aUtilidad (Economía)910952110aCarmona Muñoz, Juan Diego4auteaut940289510aVásquez Velásquez, Johanna4thseths9275613 cTESIS c344549d344549 b62c9 a62 001040708TESISBCaBCbBCd2005-02-21eMaterial adquirido por donacióniC856513l0o368.4 O15p0551796r2023-04-26 00:00:00t1w2023-04-26yTESIS